Περί αιρέσεων ή Ερμότιμος

Αποθηκεύτηκε σε:
Λεπτομέρειες βιβλιογραφικής εγγραφής
Κύριος συγγραφέας: Λουκιανός ο Σαμοσατεύς, π. 120-π. 190
Άλλοι συγγραφείς: Αβραμίδης, Γιάννης (Συγγραφέας εισαγωγής κ.λπ.), Καούκη, Κατερίνα (edtf)
Μορφή: Βιβλίο
Γλώσσα:Greek
Δημοσίευση: Θεσσαλονίκη : Εκδόσεις Θύραθεν, [1999].
Σειρά:Οι τελευταίοι Έλληνες εθνικοί
Θέματα:
Ετικέτες: Προσθήκη ετικέτας
Δεν υπάρχουν, Καταχωρήστε ετικέτα πρώτοι!

MARC

LEADER 00000cam a2200000 i 4500
001 1/55057
008 070917s1999 gr | ||| |||| ||gre||
020 |a 9608097096 
035 |l 10090757 
040 |a GR-MyUA  |b gre  |e AACR2 
041 1 |a gre 
082 0 |a 880  |2 (22) 
100 0 |a Λουκιανός ο Σαμοσατεύς,   |d π. 120-π. 190. 
245 1 0 |a Περί αιρέσεων ή Ερμότιμος /   |c Λουκιανός Σαμοσατεύς ; πρόλογος-απόδοση Γιάννης Αβραμίδης ; φιλολογική επιμέλεια Κατερίνα Καούκη.  
246 3 3 |a Περί των σχολών της φιλοσοφίας ή Ερμότιμος 
260 |a Θεσσαλονίκη :   |b Εκδόσεις Θύραθεν,   |c [1999].  
300 |a 167 σ. ;   |c 24 εκ. 
490 1 |a (Οι τελευταίοι Έλληνες εθνικοί) 
500 |a Αντικριστές σελίδες στα αρχαία και στα νέα ελληνικά 
600 0 0 |a Λουκιανός ο Σαμοσατεύς,   |d π. 120-π. 190. 
650 0 0 |a Classical literature  |x Criticism, Textual. 
700 1 |a Αβραμίδης, Γιάννης,  |e aui 
700 1 |a Καούκη, Κατερίνα,  |e edtf 
830 0 |a Οι τελευταίοι Έλληνες εθνικοί 
852 |a INST  |b SAMOS  |e 20070917  |h 880 ΛΟΥ  |p 005300028223  |q 005300028223  |t BK  |y 0 
901 |a BIBL3-2007-3 
909 |a Σ  |b 138723 
922 |a 3ΕΛΗ  |b 200708  |c ΕΠΕΑΕΚ2/ΤΜΗΜΑ ΜΑΘΗΜΑΤΙΚΩΝ  |d ΠΑΤΑΚΗΣ 
970 |a ΡΟΥΣΣΟΥ  |b ΚΩΝΣΤΑΝΤΙΝΑ  |z 2007/09/17